[Event "chess.com Speed 2020"]
[Site "chess.com INT"]
[Date "2020.11.16"]
[Round "1.36"]
[White "Carlsen, Magnus"]
[Black "Maghsoodloo, Parham"]
[Result "1-0"]
[WhiteTitle "GM"]
[BlackTitle "GM"]
[WhiteElo "2862"]
[BlackElo "2676"]
[WhiteFideId "1503014"]
[BlackFideId "12539929"]
[EventDate "2020.11.01"]

1. e4 e6 2. Nc3 d5 3. d4 Nf6 4. e5 Nfd7 5. Nce2 c5 6. c3 Nc6 7. Nf3 Be7 8. a3 a5
9. h4 b5 10. Nf4 Ba6 11. Bd3 Qb6 12. Be3 b4 13. Bxa6 Rxa6 14. axb4 axb4 15. O-O
O-O 16. Rxa6 Qxa6 17. h5 h6 18. Nh2 bxc3 19. bxc3 Qc4 20. Qg4 cxd4 21. cxd4 Nxd4
22. Rc1 Nc2 23. Nxe6 Qxg4 24. Nxg4 Nxe3 25. Nxf8 Kxf8 26. Rc8+ 1-0

[Event "chess.com Speed 2020"]
[Site "chess.com INT"]
[Date "2020.11.16"]
[Round "1.37"]
[White "Maghsoodloo, Parham"]
[Black "Carlsen, Magnus"]
[Result "0-1"]
[WhiteTitle "GM"]
[BlackTitle "GM"]
[WhiteElo "2676"]
[BlackElo "2862"]
[WhiteFideId "12539929"]
[BlackFideId "1503014"]
[EventDate "2020.11.01"]

1. e4 e5 2. Nf3 Nc6 3. Bc4 Nf6 4. d3 Bc5 5. c3 O-O 6. Nbd2 d5 7. Bb5 dxe4 8.
dxe4 a5 9. O-O Qe7 10. h3 Rd8 11. Qc2 Nb8 12. Rd1 Nbd7 13. Bf1 b6 14. Nc4 Bb7
15. Re1 a4 16. Bg5 h6 17. Bh4 b5 18. Ncd2 g5 19. Bg3 Nh5 20. Kh2 Bc6 21. b4 axb3
22. axb3 g4 23. Nh4 Rxa1 24. Rxa1 Qg5 25. Nf5 Nxg3 26. fxg3 Nf6 27. Rd1 gxh3 28.
Nf3 Ng4+ 29. Kh1 Rxd1 30. Qxd1 Nf2+ 31. Kh2 Nxd1 32. Nxg5 hxg5 33. b4 hxg2 34.
Bxg2 Bf8 0-1

[Event "chess.com Speed 2020"]
[Site "chess.com INT"]
[Date "2020.11.16"]
[Round "1.310"]
[White "Carlsen, Magnus"]
[Black "Maghsoodloo, Parham"]
[Result "1-0"]
[WhiteTitle "GM"]
[BlackTitle "GM"]
[WhiteElo "2862"]
[BlackElo "2676"]
[WhiteFideId "1503014"]
[BlackFideId "12539929"]
[EventDate "2020.11.01"]

1. e4 c5 2. a3 b6 3. Nf3 Bb7 4. Nc3 d6 5. d4 cxd4 6. Nxd4 Nd7 7. g4 g6 8. h4 Bg7
9. Be3 a6 10. h5 Rc8 11. f3 e6 12. Qd2 Ne7 13. O-O-O b5 14. h6 Bf6 15. g5 Be5
16. f4 Bxd4 17. Qxd4 e5 18. Qxd6 Rc6 19. Qb4 a5 20. Qxb5 Ba6 21. Qb3 Bxf1 22.
Rhxf1 O-O 23. f5 Qc7 24. fxg6 Nxg6 25. Nd5 Qc8 26. Kb1 Rc4 27. Qb5 Rxc2 28. Qxd7
Qc4 29. Nf6+ Kh8 30. Qd3 Rxb2+ 31. Kxb2 Rb8+ 32. Ka1 1-0

[Event "chess.com Speed 2020"]
[Site "chess.com INT"]
[Date "2020.11.16"]
[Round "1.311"]
[White "Maghsoodloo, Parham"]
[Black "Carlsen, Magnus"]
[Result "0-1"]
[WhiteTitle "GM"]
[BlackTitle "GM"]
[WhiteElo "2676"]
[BlackElo "2862"]
[WhiteFideId "12539929"]
[BlackFideId "1503014"]
[EventDate "2020.11.01"]

1. e4 d5 2. exd5 Qxd5 3. Nc3 Qd6 4. d4 Nf6 5. Nge2 b6 6. Bf4 Qd7 7. Qd2 Bb7 8.
O-O-O e6 9. h4 b5 10. Ng3 b4 11. Nce2 a5 12. h5 h6 13. Be5 Nc6 14. Bxf6 gxf6 15.
Nf4 O-O-O 16. d5 Ne5 17. Qe3 exd5 18. Qa7 Qc6 19. Qxa5 Qc5 20. Qxc5 Bxc5 21. Nf5
Bxf2 22. Rd2 Bc5 23. g3 c6 24. Bh3 Kc7 25. Rf1 Rdg8 26. Kb1 Ba6 27. Re1 Nf3 0-1

[Event "chess.com Speed 2020"]
[Site "chess.com INT"]
[Date "2020.11.16"]
[Round "1.312"]
[White "Carlsen, Magnus"]
[Black "Maghsoodloo, Parham"]
[Result "1-0"]
[WhiteTitle "GM"]
[BlackTitle "GM"]
[WhiteElo "2862"]
[BlackElo "2676"]
[WhiteFideId "1503014"]
[BlackFideId "12539929"]
[EventDate "2020.11.01"]

1. c3 c6 2. f3 f6 3. Kf2 Kf7 4. Ke3 Ke6 5. Kf2 Kd6 6. Ke3 Kc7 7. Kd3 Qe8 8. Kc2
d6 9. Qe1 e6 10. Kd1 Ne7 11. Na3 Nd7 12. Nc2 Nb6 13. d3 Bd7 14. Bd2 Nbc8 15. Kc1
c5 16. Kb1 Nc6 17. e4 Kb8 18. Ne2 Nb6 19. d4 a6 20. Ne3 Ka7 21. a4 Na5 22. b4
Nb3 23. a5 Na4 24. Ra3 Nxd2+ 25. Qxd2 cxb4 26. cxb4 Rc8 27. d5 exd5 28. Nxd5 f5
29. Qd4+ Kb8 30. Nec3 fxe4 31. Nxe4 Bc6 32. Bc4 Qg6 33. g3 h5 34. h4 Qf5 35. Rd1
Rh6 36. Bb3 Nc5 37. bxc5 dxc5 38. Qe3 c4 39. Bxc4 Bxa3 40. Qxa3 Rd8 41. Qd3 Re6
42. Kb2 Re5 43. Nec3 Qf8 44. f4 Ree8 45. Qd4 Qd6 46. Bb3 Qg6 47. Qb6 Qxg3 48.
Nb4 Qg2+ 49. Ka3 Rxd1 50. Nxa6+ Ka8 51. Nc7+ Kb8 52. Bxd1 Re1 53. a6 1-0

[Event "chess.com Speed 2020"]
[Site "chess.com INT"]
[Date "2020.11.16"]
[Round "1.11"]
[White "So, Wesley"]
[Black "Abdusattorov, Nodirbek"]
[Result "1-0"]
[WhiteTitle "GM"]
[BlackTitle "GM"]
[WhiteElo "2770"]
[BlackElo "2627"]
[WhiteFideId "5202213"]
[BlackFideId "14204118"]
[EventDate "2020.11.01"]

1. e4 c6 2. d4 d5 3. e5 Bf5 4. Nd2 e6 5. Nb3 a6 6. Nf3 c5 7. dxc5 Bxc5 8. Nxc5
Qa5+ 9. c3 Qxc5 10. Nd4 Ne7 11. Qa4+ Nbc6 12. Be3 Qa5 13. Qxa5 Nxa5 14. Nxf5
Nxf5 15. Bb6 Nc4 16. Bxc4 dxc4 17. a4 Ne7 18. a5 Nd5 19. Ra4 Rc8 20. Bd4 Kd7 21.
Kd2 h5 22. Re1 h4 23. Re4 Rh5 24. Be3 Rf5 25. Ke2 Nxe3 26. Kxe3 Rc5 27. f4 g5
28. g3 hxg3 29. hxg3 gxf4+ 30. gxf4 f6 31. exf6 Rxa5 32. Rxa5 Rxa5 33. Re5 Ra1
34. f5 Rf1 35. fxe6+ Ke8 36. f7+ Ke7 37. Kd4 b5 38. Kc5 Rf2 39. Re3 Rf5+ 40. Kb6
b4 41. cxb4 Rb5+ 42. Kxa6 Rxb4 43. Rf3 1-0

[Event "chess.com Speed 2020"]
[Site "chess.com INT"]
[Date "2020.11.16"]
[Round "1.12"]
[White "Abdusattorov, Nodirbek"]
[Black "So, Wesley"]
[Result "0-1"]
[WhiteTitle "GM"]
[BlackTitle "GM"]
[WhiteElo "2627"]
[BlackElo "2770"]
[WhiteFideId "14204118"]
[BlackFideId "5202213"]
[EventDate "2020.11.01"]

1. e4 e5 2. Nf3 Nc6 3. Bb5 Nf6 4. d3 Bc5 5. Bxc6 dxc6 6. Nc3 Nd7 7. Be3 Qe7 8.
Qd2 Bxe3 9. Qxe3 Nf8 10. O-O-O Bg4 11. d4 exd4 12. Rxd4 Ne6 13. Rd2 Bxf3 14.
gxf3 O-O 15. f4 Qc5 16. Qg3 f5 17. Re1 Rad8 18. Rxd8 Rxd8 19. Qe3 fxe4 20. Qxe4
Nd4 21. Qe7 Qxe7 22. Rxe7 Rc8 23. Kd2 Kf8 24. Rd7 Nf5 25. Ne4 Ke8 26. Rd3 b6 27.
Ng3 Nd6 28. b3 c5 29. c4 a5 30. Ke3 a4 31. Ne4 Nf5+ 32. Kd2 Ra8 33. Kc3 axb3 34.
axb3 Nd4 35. Rd2 Ra1 36. Ng3 Rb1 37. Rb2 Rxb2 38. Kxb2 Kf7 39. Kc3 Kf6 40. b4
Ne6 41. f5 cxb4+ 42. Kxb4 Nd4 43. Nh5+ Kf7 44. Ng3 Nf3 45. h3 Ng5 46. h4 Nf3 47.
h5 Ne5 48. Kb5 Ke7 49. c5 bxc5 50. Kxc5 Kf6 51. Kd5 Nd3 52. f3 h6 53. Ke4 Nc5+
54. Kf4 Nd3+ 55. Ke4 Nc5+ 56. Kf4 Nd7 57. Ne4+ Ke7 58. Nc3 Nf6 59. Ke5 Nxh5 60.
Nd5+ Kd7 61. f4 c6 62. Nb6+ Ke7 63. Nc8+ Kd7 64. Nb6+ Kc7 65. Nc4 c5 66. Ke6
Nxf4+ 67. Kf7 h5 68. Kxg7 h4 69. Ne3 h3 70. Ng4 c4 71. Kg8 c3 72. f6 c2 73. f7
Ne6 0-1

[Event "chess.com Speed 2020"]
[Site "chess.com INT"]
[Date "2020.11.16"]
[Round "1.13"]
[White "So, Wesley"]
[Black "Abdusattorov, Nodirbek"]
[Result "1-0"]
[WhiteTitle "GM"]
[BlackTitle "GM"]
[WhiteElo "2770"]
[BlackElo "2627"]
[WhiteFideId "5202213"]
[BlackFideId "14204118"]
[EventDate "2020.11.01"]

1. e4 c6 2. d4 d5 3. e5 Bf5 4. Nf3 e6 5. Be2 c5 6. Be3 Qb6 7. Nc3 Nc6 8. Na4
Qa5+ 9. c3 c4 10. b4 Bxb4 11. cxb4 Nxb4 12. Nc3 Nc2+ 13. Kd2 Nxa1 14. Qxa1 Ne7
15. Nh4 h6 16. Nxf5 Nxf5 17. Rb1 O-O 18. Rxb7 Rab8 19. Qb2 Rxb7 20. Qxb7 Qa3 21.
Bd1 a5 22. Bc2 Nxe3 23. fxe3 Qb4 24. Qc6 Rb8 25. Qc7 Qb6 26. Qxb6 Rxb6 27. Na4
Rb5 28. e4 dxe4 29. Bxe4 Rb4 30. Bc2 f6 31. exf6 gxf6 32. Kc3 Kf7 33. a3 Rb5 34.
Nc5 Ke7 35. Kxc4 Rb2 36. Kc3 Ra2 37. a4 Ra1 38. Be4 f5 39. Bf3 Kd6 40. Kb2 Rh1
41. Nb7+ Kc7 42. Nxa5 Rxh2 43. Kc3 h5 44. Nc4 h4 45. a5 h3 46. gxh3 Rxh3 47. Ne5
Rh2 48. Kb4 Rb2+ 49. Kc5 Rc2+ 50. Kb5 Rb2+ 51. Kc5 Rc2+ 52. Nc4 Rc3 53. Be2 f4
54. Kb4 Rc2 55. Bf3 Rf2 56. Ne5 Rb2+ 57. Kc4 Rc2+ 58. Kb4 Rb2+ 59. Kc3 Ra2 60.
Nc4 Rf2 61. Be4 Re2 62. Kd3 Ra2 63. Bf3 Ra4 64. Bg4 Kb7 65. Bxe6 f3 66. Bd5+ Ka6
67. Bxf3 Rb4 68. Kc3 Ra4 69. Bd1 Ra1 70. Bc2 Rc1 71. d5 Kb5 72. d6 Kc6 73. Kd2
Ra1 74. Kc3 Rc1 75. Kb3 Ra1 76. Be4+ Kd7 77. Kb4 Re1 78. Bd5 Rd1 79. Kc5 Ra1 80.
Bc6+ Ke6 81. Bb5 Rb1 82. a6 Ra1 83. Kb6 Rb1 84. a7 Ra1 85. Bc6 1-0

[Event "chess.com Speed 2020"]
[Site "chess.com INT"]
[Date "2020.11.16"]
[Round "1.14"]
[White "Abdusattorov, Nodirbek"]
[Black "So, Wesley"]
[Result "1/2-1/2"]
[WhiteTitle "GM"]
[BlackTitle "GM"]
[WhiteElo "2627"]
[BlackElo "2770"]
[WhiteFideId "14204118"]
[BlackFideId "5202213"]
[EventDate "2020.11.01"]

1. e4 e5 2. Nf3 Nc6 3. d4 exd4 4. Nxd4 Nf6 5. Nxc6 bxc6 6. e5 Qe7 7. Qe2 Nd5 8.
h4 Qe6 9. g3 d6 10. c4 Nb6 11. Bg2 Bb7 12. O-O dxe5 13. b3 O-O-O 14. Bb2 Bd6 15.
Nd2 Rhe8 16. Ne4 Be7 17. Rfe1 c5 18. a4 f5 19. a5 Nd7 20. Nc3 Bxg2 21. Kxg2 c6
22. f3 h5 23. Rad1 g5 24. hxg5 Bxg5 25. f4 Bf6 26. fxe5 Bxe5 27. Na4 Qg6 28.
Bxe5 Rxe5 29. Qf3 h4 30. Rxe5 Nxe5 31. Rxd8+ Kxd8 32. Qf4 Qxg3+ 33. Qxg3 hxg3
34. Nxc5 Ke7 35. Kxg3 Kd6 36. Nb7+ Kc7 37. Nc5 Kd6 38. Nb7+ Kc7 39. Nc5 Kd6 1/2-1/2

[Event "chess.com Speed 2020"]
[Site "chess.com INT"]
[Date "2020.11.16"]
[Round "1.15"]
[White "So, Wesley"]
[Black "Abdusattorov, Nodirbek"]
[Result "1-0"]
[WhiteTitle "GM"]
[BlackTitle "GM"]
[WhiteElo "2770"]
[BlackElo "2627"]
[WhiteFideId "5202213"]
[BlackFideId "14204118"]
[EventDate "2020.11.01"]

1. e4 e5 2. Nf3 Nc6 3. Bc4 Nf6 4. Ng5 d5 5. exd5 Na5 6. Bb5+ c6 7. dxc6 bxc6 8.
Bd3 Nd5 9. Nf3 Bd6 10. O-O O-O 11. Re1 f5 12. Nxe5 Qf6 13. Nf3 g5 14. c4 Nf4 15.
Bf1 g4 16. d4 gxf3 17. Qxf3 Ne6 18. c5 Nxd4 19. Qc3 Bc7 20. b4 Nb7 21. Bc4+ Kg7
22. Bb2 Rd8 23. Nd2 a5 24. Nb3 axb4 25. Qxd4 Rxd4 26. Bxd4 Qxd4 27. Nxd4 Kf6 28.
Nxc6 Nxc5 29. Nxb4 1-0

[Event "chess.com Speed 2020"]
[Site "chess.com INT"]
[Date "2020.11.16"]
[Round "1.17"]
[White "So, Wesley"]
[Black "Abdusattorov, Nodirbek"]
[Result "1/2-1/2"]
[WhiteTitle "GM"]
[BlackTitle "GM"]
[WhiteElo "2770"]
[BlackElo "2627"]
[WhiteFideId "5202213"]
[BlackFideId "14204118"]
[EventDate "2020.11.01"]

1. d4 d5 2. c4 e6 3. Nc3 Be7 4. cxd5 exd5 5. Bf4 Nf6 6. e3 Bf5 7. Qb3 Nc6 8. g4
Nxg4 9. Qxd5 Qxd5 10. Nxd5 Bb4+ 11. Nxb4 Nxb4 12. Rc1 Nd5 13. Bg3 O-O-O 14. Ne2
c6 15. Rg1 Ngf6 16. Nc3 Nxc3 17. bxc3 Ne4 18. f3 Nxg3 19. Rxg3 g6 20. e4 Be6 21.
a3 f5 22. Bd3 Rhf8 23. Ke2 fxe4 24. fxe4 Rf4 25. Rf1 Rdf8 26. Rxf4 Rxf4 27. c4
Rh4 28. Rg2 Bg4+ 29. Ke3 Rh3+ 30. Kd2 h5 31. e5 Be6 32. a4 g5 33. Rxg5 Rxh2+ 34.
Kc3 Rh3 35. Kd2 Rh2+ 36. Ke3 Rh3+ 37. Ke4 Rh4+ 38. Ke3 Rh3+ 39. Kd2 Rh2+ 1/2-1/2

[Event "chess.com Speed 2020"]
[Site "chess.com INT"]
[Date "2020.11.16"]
[Round "1.19"]
[White "So, Wesley"]
[Black "Abdusattorov, Nodirbek"]
[Result "0-1"]
[WhiteTitle "GM"]
[BlackTitle "GM"]
[WhiteElo "2770"]
[BlackElo "2627"]
[WhiteFideId "5202213"]
[BlackFideId "14204118"]
[EventDate "2020.11.01"]

1. e4 c6 2. d4 d5 3. e5 Bf5 4. Nf3 e6 5. Be2 c5 6. Be3 Qb6 7. Nc3 Nc6 8. Na4
Qa5+ 9. c3 c4 10. b4 Bxb4 11. cxb4 Nxb4 12. Nc3 Nc2+ 13. Kd2 Nxa1 14. Qxa1 h6
15. Qb2 Rb8 16. Qb5+ Qxb5 17. Nxb5 Ne7 18. a4 g5 19. Kc3 Kd7 20. Nd2 Bg6 21. h4
a6 22. Nd6 b5 23. Nf1 b4+ 24. Kb2 c3+ 25. Kb3 Nc6 0-1

[Event "chess.com Speed 2020"]
[Site "chess.com INT"]
[Date "2020.11.16"]
[Round "1.22"]
[White "Abdusattorov, Nodirbek"]
[Black "So, Wesley"]
[Result "1-0"]
[WhiteTitle "GM"]
[BlackTitle "GM"]
[WhiteElo "2627"]
[BlackElo "2770"]
[WhiteFideId "14204118"]
[BlackFideId "5202213"]
[EventDate "2020.11.01"]

1. e4 e5 2. Nf3 Nc6 3. Bb5 Nf6 4. d3 Bc5 5. Nc3 Nd4 6. Nxd4 Bxd4 7. O-O O-O 8.
Be3 c6 9. Ba4 Bxe3 10. fxe3 d5 11. Qf3 Be6 12. Bb3 a5 13. exd5 Nxd5 14. e4 Nf4
15. g3 Bxb3 16. axb3 Ne6 17. Qe3 Qd4 18. Nd1 Qb4 19. Qf2 a4 20. bxa4 Rxa4 21.
Rxa4 Qxa4 22. Ne3 Nd4 23. c3 Ne6 24. Nf5 f6 25. Qb6 Qb5 26. Qxb5 cxb5 27. Kf2
Ra8 28. Ke3 Ra2 29. Rf2 b6 30. d4 exd4+ 31. cxd4 Ra4 32. b3 Rb4 33. Rb2 g6 34.
Ne7+ 1-0

[Event "chess.com Speed 2020"]
[Site "chess.com INT"]
[Date "2020.11.16"]
[Round "1.23"]
[White "So, Wesley"]
[Black "Abdusattorov, Nodirbek"]
[Result "1-0"]
[WhiteTitle "GM"]
[BlackTitle "GM"]
[WhiteElo "2770"]
[BlackElo "2627"]
[WhiteFideId "5202213"]
[BlackFideId "14204118"]
[EventDate "2020.11.01"]

1. e4 c6 2. d4 d5 3. f3 g6 4. Nc3 Bg7 5. e5 c5 6. f4 cxd4 7. Qxd4 Be6 8. Nf3 Nh6
9. Bb5+ Kf8 10. O-O a6 11. Bd3 Nc6 12. Qf2 Ng4 13. Qe1 h5 14. Ng5 Qd7 15. Na4 b5
16. Nc5 Qa7 17. Nxe6+ fxe6 18. b4 Kf7 19. Kh1 a5 20. c3 Rac8 21. Bd2 axb4 22.
cxb4 Nd4 23. a4 Rxc5 24. axb5 Qc7 25. bxc5 Qxc5 26. Bb4 Qb6 27. Ra6 Qb7 28. Bc5
Nf5 29. Bxf5 gxf5 30. Ra7 Qxb5 31. Rxe7+ Kg8 32. Bg1 Rh6 33. h3 Bf8 34. Rc7 Rg6
35. hxg4 hxg4 36. Bh2 g3 37. Bxg3 Bb4 38. Qf2 Ba5 39. Rc5 Qa6 40. Bh2 Bb6 41.
Rc6 1-0

[Event "chess.com Speed 2020"]
[Site "chess.com INT"]
[Date "2020.11.16"]
[Round "1.24"]
[White "Abdusattorov, Nodirbek"]
[Black "So, Wesley"]
[Result "0-1"]
[WhiteTitle "GM"]
[BlackTitle "GM"]
[WhiteElo "2627"]
[BlackElo "2770"]
[WhiteFideId "14204118"]
[BlackFideId "5202213"]
[EventDate "2020.11.01"]

1. e4 e5 2. Nf3 Nc6 3. Nc3 Nf6 4. Bb5 Nd4 5. O-O c6 6. Bd3 Nxf3+ 7. Qxf3 d6 8.
Be2 g6 9. d3 Bg7 10. Qg3 h5 11. h4 Ng4 12. Nd1 Bf6 13. Ne3 Bxh4 14. Qf3 Bg5 15.
g3 Nxe3 16. fxe3 Qe7 17. Qf2 Bg4 18. Bd2 Qe6 19. Bc3 O-O 20. Bd2 f5 21. exf5
Bxf5 22. Qg2 Bh3 23. Rxf8+ Rxf8 24. Qh2 Bg4 25. b3 e4 26. Re1 Bxe2 27. Rxe2 exd3
28. cxd3 Qd5 0-1

[Event "chess.com Speed 2020"]
[Site "chess.com INT"]
[Date "2020.11.16"]
[Round "1.27"]
[White "So, Wesley"]
[Black "Abdusattorov, Nodirbek"]
[Result "1-0"]
[WhiteTitle "GM"]
[BlackTitle "GM"]
[WhiteElo "2770"]
[BlackElo "2627"]
[WhiteFideId "5202213"]
[BlackFideId "14204118"]
[EventDate "2020.11.01"]

1. e4 c6 2. Nf3 d5 3. d3 dxe4 4. dxe4 Qxd1+ 5. Kxd1 g6 6. a4 f5 7. Bc4 Bg7 8.
Ng5 Nf6 9. Bf7+ Kf8 10. Be6 Na6 11. exf5 gxf5 12. Ke2 Nc7 13. Bxc8 Rxc8 14. Bf4
Nfd5 15. Bxc7 Nxc7 16. Nd2 e5 17. Nc4 Ke7 18. Rad1 Nd5 19. Ne3 Nxe3 20. fxe3 e4
21. Rhf1 Rcf8 22. Rd2 h6 23. Nh3 Be5 24. Nf4 Bxf4 25. Rxf4 Ke6 26. g4 Rhg8 27.
gxf5+ Ke5 28. Rd4 Rg2+ 29. Kd1 Rfg8 30. Rdxe4+ Kf6 31. Re6+ Kf7 32. Rxh6 c5 33.
b3 Rg1+ 34. Ke2 Rc1 35. Kd3 Rd8+ 36. Kc3 Rg8 37. Kb2 Re1 38. f6 Rg2 39. Rh7+ 1-0

[Event "chess.com Speed 2020"]
[Site "chess.com INT"]
[Date "2020.11.16"]
[Round "1.29"]
[White "So, Wesley"]
[Black "Abdusattorov, Nodirbek"]
[Result "1/2-1/2"]
[WhiteTitle "GM"]
[BlackTitle "GM"]
[WhiteElo "2770"]
[BlackElo "2627"]
[WhiteFideId "5202213"]
[BlackFideId "14204118"]
[EventDate "2020.11.01"]

1. e4 c6 2. Nf3 d5 3. d3 dxe4 4. dxe4 Qxd1+ 5. Kxd1 g6 6. a4 Bg7 7. c3 f5 8. Bd3
fxe4 9. Bxe4 Nf6 10. Bc2 Bf5 11. Bxf5 gxf5 12. Nd4 Ne4 13. Nxf5 Nxf2+ 14. Ke2
Nxh1 15. Nxg7+ Kd7 16. Na3 Na6 17. Bh6 Raf8 18. Rxh1 Rf6 19. Be3 Rg8 20. Rd1+
Kc8 21. Bd4 Rxg7 22. Bxf6 exf6 23. Kf3 Nc5 24. a5 Nd7 25. Nc4 Kc7 26. g4 b5 27.
axb6+ axb6 28. Kf4 b5 29. Nd6 Re7 30. Ne4 Re6 31. Rxd7+ Kxd7 32. Nc5+ Kd6 33.
Nxe6 Kxe6 34. h4 Kd6 35. Kf5 Ke7 36. b3 Kf7 37. Ke4 Ke6 38. Kf4 Ke7 39. Ke3 Ke6
40. Ke4 Kd6 41. Kf5 Ke7 42. c4 bxc4 43. bxc4 Kf7 44. Kf4 Ke6 45. Ke4 c5 46. Kf4
Ke7 47. Kf5 Kf7 48. Ke4 Ke6 49. Kf4 Ke7 50. Kf5 Kf7 51. g5 fxg5 52. Kxg5 Kg7 53.
h5 Kf7 54. Kf5 Kg7 55. Kg5 Kf7 56. Kh6 Kg8 57. Kg5 Kg7 58. Kf5 Kh6 59. Kg4 Kg7
60. Kg5 1/2-1/2

[Event "chess.com Speed 2020"]
[Site "chess.com INT"]
[Date "2020.11.16"]
[Round "1.32"]
[White "So, Wesley"]
[Black "Abdusattorov, Nodirbek"]
[Result "1-0"]
[WhiteTitle "GM"]
[BlackTitle "GM"]
[WhiteElo "2770"]
[BlackElo "2627"]
[WhiteFideId "5202213"]
[BlackFideId "14204118"]
[EventDate "2020.11.01"]

1. e4 c6 2. Nf3 d5 3. d3 Qc7 4. e5 Bg4 5. d4 e6 6. Nbd2 c5 7. h3 Bxf3 8. Nxf3
cxd4 9. Bb5+ Nc6 10. O-O Bc5 11. Nxd4 Ne7 12. Be3 Bb6 13. c3 Qxe5 14. Re1 Qf6
15. Qg4 O-O 16. Bg5 Qg6 17. Rad1 h6 18. Bxe7 Qxg4 19. hxg4 Nxe7 20. f4 Rad8 21.
f5 Rd6 22. Kh2 Bc7 23. Kh3 a6 24. Ba4 Rb6 25. fxe6 fxe6 26. Nxe6 Rc8 27. Bd7 Bd6
28. Bxc8 Nxc8 29. Nd4 Ne7 30. b3 Ng6 31. g3 Be5 32. Rd3 Rf6 33. Nf5 Rc6 34. Ree3
Bf6 35. Rxd5 Kh7 36. c4 b5 37. cxb5 axb5 38. Rxb5 Rc2 39. a4 Nf8 40. a5 Kg6 41.
Nh4+ Kf7 42. Nf3 Nh7 43. b4 Ra2 44. Rb7+ Kg6 45. Nh4+ Kg5 46. Rf3 1-0

[Event "chess.com Speed 2020"]
[Site "chess.com INT"]
[Date "2020.11.16"]
[Round "1.35"]
[White "Abdusattorov, Nodirbek"]
[Black "So, Wesley"]
[Result "1-0"]
[WhiteTitle "GM"]
[BlackTitle "GM"]
[WhiteElo "2627"]
[BlackElo "2770"]
[WhiteFideId "14204118"]
[BlackFideId "5202213"]
[EventDate "2020.11.01"]

1. e4 e5 2. Nf3 Nc6 3. Bb5 Nf6 4. d3 Bc5 5. Bxc6 dxc6 6. Nc3 Nd7 7. Be3 Bxe3 8.
fxe3 Qe7 9. O-O b6 10. Ne2 Bb7 11. Ng3 g6 12. a4 a5 13. d4 O-O-O 14. Qe2 h5 15.
h4 Rhe8 16. c3 c5 17. d5 Nf6 18. Ng5 Rf8 19. Nh1 Kb8 20. Nf2 Bc8 21. c4 Ng4 22.
Nxg4 Bxg4 23. Qf2 f6 24. Nf3 Bxf3 25. Qxf3 f5 26. exf5 Qxh4 27. f6 Qxc4 28. Rad1
Rd6 29. f7 Rd7 30. d6 Rdxf7 31. Qxf7 Rxf7 32. Rxf7 cxd6 33. Rdf1 Qxa4 34. Re7
Qc6 35. Rf8+ Qc8 36. Rxc8+ Kxc8 37. Re6 Kd7 38. Rxg6 a4 39. Rh6 b5 40. Rxh5 b4
41. Kf2 Kc6 42. Ke2 a3 43. bxa3 bxa3 44. g4 d5 45. g5 Kd6 46. g6 Ke6 47. Rg5 Kf6
48. g7 Kxg5 49. g8=Q+ Kf5 50. Qxd5 Kf6 51. Qxc5 e4 52. Qxa3 Ke5 53. Qc5+ Ke6 54.
Qd4 Kf5 55. Qd5+ Kf6 56. Qxe4 Kg5 57. Qf4+ Kg6 58. e4 Kg7 59. e5 Kg6 60. e6 Kg7
61. e7 Kg6 62. e8=Q+ Kg7 63. Qg5+ Kh7 64. Qgg6# 1-0

[Event "chess.com Speed 2020"]
[Site "chess.com INT"]
[Date "2020.11.16"]
[Round "1.36"]
[White "So, Wesley"]
[Black "Abdusattorov, Nodirbek"]
[Result "1-0"]
[WhiteTitle "GM"]
[BlackTitle "GM"]
[WhiteElo "2770"]
[BlackElo "2627"]
[WhiteFideId "5202213"]
[BlackFideId "14204118"]
[EventDate "2020.11.01"]

1. e4 c6 2. Nf3 d5 3. d3 Qc7 4. Nbd2 g6 5. e5 Bg4 6. d4 Bg7 7. h3 Bxf3 8. Nxf3
e6 9. c3 c5 10. Bb5+ Nc6 11. O-O Ne7 12. Be3 O-O 13. Re1 a6 14. Bxc6 Nxc6 15.
Qd2 cxd4 16. cxd4 Rac8 17. h4 Qa5 18. Rac1 Qxd2 19. Bxd2 Rfe8 20. h5 f6 21. exf6
Bxf6 22. hxg6 hxg6 23. Be3 Kf7 24. Rc3 Na5 25. Rec1 Rxc3 26. Rxc3 Nc4 27. b3 Nd6
28. Bf4 Nb5 29. Rd3 Rc8 30. Ne5+ Kg7 31. Rg3 g5 32. Bxg5 Bxg5 33. Rxg5+ Kf6 34.
Rg6+ Kf5 35. g4+ Ke4 36. Rxe6 Nxd4 37. Re7 Kf4 38. Kg2 Rc2 39. Kh3 Rxa2 40. Nd3+
Kg5 41. Re5+ Kf6 42. g5+ Kf7 43. Rxd5 Ne6 44. f4 Ra1 45. Kg4 Rg1+ 46. Kf3 Rf1+
47. Kg3 Ng7 48. Rd7+ Kg8 49. Rxb7 Nf5+ 50. Kg4 Ng7 51. Ne5 Rg1+ 52. Kf3 Ne6 53.
Rb8+ Kg7 54. Rb7+ Kg8 55. Ng6 a5 56. Rb6 Kf7 57. Ne5+ Ke7 58. Ng6+ Kf7 59. Ne5+
Ke7 60. Ke4 Rf1 61. Ng6+ Kf7 62. Ne5+ Ke7 63. Nd3 Kf7 64. Ke5 Ng7 65. Rf6+ Kg8
66. Ra6 Rf3 67. Ke4 Rf1 68. Rxa5 Ne6 69. Ra6 Nc7 70. Rc6 Ne8 71. Ne5 Re1+ 72.
Kf5 Rf1 73. Rc8 Kf8 74. g6 Ke7 75. Rxe8+ Kxe8 76. g7 Rg1 77. Kf6 1-0

[Event "chess.com Speed 2020"]
[Site "chess.com INT"]
[Date "2020.11.16"]
[Round "1.37"]
[White "Abdusattorov, Nodirbek"]
[Black "So, Wesley"]
[Result "0-1"]
[WhiteTitle "GM"]
[BlackTitle "GM"]
[WhiteElo "2627"]
[BlackElo "2770"]
[WhiteFideId "14204118"]
[BlackFideId "5202213"]
[EventDate "2020.11.01"]

1. e4 e5 2. Nf3 Nc6 3. Bb5 Nf6 4. d3 Bc5 5. Be3 Bxe3 6. fxe3 Ne7 7. Ba4 Ng6 8.
Bb3 O-O 9. Nc3 d6 10. O-O c6 11. Qe1 Be6 12. Ng5 Bxb3 13. axb3 h6 14. Nf3 d5 15.
Nd2 dxe4 16. Ndxe4 Nxe4 17. Nxe4 f5 18. Nd2 Qg5 19. Nf3 Qh5 20. Qb4 Rf7 21. Qc5
Re8 22. Rxa7 e4 23. dxe4 Rxe4 24. Nd4 Nh4 25. Qc4 Kh7 26. Qe2 Qxe2 27. Nxe2 Rxe3
28. Kf2 f4 29. Ra4 g5 30. Nd4 c5 31. Nb5 Rd7 32. Nc3 Rd2+ 33. Kg1 Rxg2+ 34. Kh1
Rh3 0-1

[Event "chess.com Speed 2020"]
[Site "chess.com INT"]
[Date "2020.11.16"]
[Round "1.11"]
[White "Nepomniachtchi, Ian"]
[Black "Aronian, Levon"]
[Result "1/2-1/2"]
[WhiteTitle "GM"]
[BlackTitle "GM"]
[WhiteElo "2784"]
[BlackElo "2781"]
[WhiteFideId "4168119"]
[BlackFideId "13300474"]
[EventDate "2020.11.01"]

1. b3 d5 2. Bb2 Bf5 3. d3 e6 4. Nd2 Nf6 5. g3 h6 6. Bg2 Bh7 7. Nh3 c5 8. O-O Nc6
9. e4 Be7 10. exd5 exd5 11. Nf4 O-O 12. Re1 Re8 13. Nf1 d4 14. Nd2 Qd7 15. Nc4
Bf8 16. Qd2 Rxe1+ 17. Rxe1 g5 18. Ne2 Re8 19. Nc1 Rxe1+ 20. Qxe1 b5 21. Ne5 Nxe5
22. Qxe5 Ng4 23. Qe1 b4 24. Ne2 Bd6 25. Bc1 Kg7 26. h3 Nf6 27. Kf1 a5 28. a4 Qe6
29. Ng1 Bf5 30. Qxe6 Bxe6 31. Nf3 Nd7 32. h4 f6 33. Nd2 Be7 34. hxg5 hxg5 35.
Nc4 Bxc4 36. dxc4 Bd6 37. Ke2 Kg6 38. Bc6 Ne5 39. Be8+ Kf5 40. f3 Ke6 41. Bb5
Nf7 42. Kf2 f5 43. Bc6 f4 44. Bd5+ Kf6 45. g4 Ne5 46. Be4 Be7 47. Ke2 1/2-1/2